Quiz o Janie Ziei - Statystyki

Ogólne statystyki
  • Ten quiz został rozwiązany 14 razy
  • Średni wynik to 10 z 10
Statystyki odpowiedzi
Wskazówka Odpowiedź % Poprawnych
W którym roku się urodził? 1897
100%
W którym roku zmarł? 1991
100%
Jego religia Katolicyzm
100%
Jego najważniejsze odzanczenie Krzyż Virtuti Militari
100%
W jakim mieście włoskim spędził pół roku w 1922? W Rzymie
100%
Gdzie zmarł? W Warszawie
100%
Czego był współzałożycielem? KORu
90%
Gdzie jest pochowany? W Laskach
90%
Gdzie się urodził? W Ossie
90%
Co studiował? Judaistykę
80%
Nie znaleziono quizów pasujących do podanych kryteriów
Rozkład punktacji
Procent ludzi z każdym wynikiem
Percentyl według liczby udzielonych odpowiedzi
Twoja historia wyników
Nie rozwiązałeś tego quizu